[Event "Belgrade-chT"]
[Site "Belgrade"]
[Date "2014.11.01"]
[Round "9"]
[White "Starcevic, Goran"]
[Black "Becelic, Dejan"]
[Result "1-0"]
[WhiteElo "2192"]
[BlackElo "2124"]
[PlyCount "81"]
[EventDate "2014.10.04"]
[EventType "team-tourn"]
[EventRounds "13"]
[EventCountry "SRB"]
[SourceTitle "EXT 2015"]
[Source "ChessBase"]
[SourceDate "2014.11.20"]
[SourceVersion "1"]
[SourceVersionDate "2014.11.20"]
[SourceQuality "1"]

1. d4 g6 2. e4 Bg7 3. c4 d6 4. Nc3 e5 5. d5 Nd7 6. Be3 Nh6 7. g4 f6 8. h4 Nf7 9. Nge2 a6 10. Ng3 c5 11. Qd2 Nb6 12. Be2 Bd7 13. b3 Qc8 14. f3 Rb8 15. Bd3 Na8 16. a4 b6 17. g5 Qd8 18. h5 Nxg5 19. Kf2 Kf7 20. Kg2 Bh6 21. f4 exf4 22. Bxf4 Bg4 23. Raf1 Kg7 24. e5 dxe5 25. Be3 Qd7 26. Rxf6 Kxf6 27. Bxg5+ Bxg5 28. Nce4+ Kg7 29. Qxg5 Rbf8 30. Qxe5+ Kg8 31. Nf6+ Rxf6 32. Qxf6 Qg7 33. Qd8+ Qf8 34. Qxf8+ Kxf8 35. hxg6 h6 36. Bf5 Bxf5 37. Nxf5 Rg8 38. g7+ Ke8 39. d6 b5 40. a5 bxc4 41. bxc4 1-0

[Event "Belgrade-ch"]
[Site "Belgrade"]
[Date "2014.01.24"]
[Round "2"]
[White "Todorovic, Goran M"]
[Black "Starcevic, Goran"]
[Result "1-0"]
[WhiteElo "2476"]
[BlackElo "2204"]
[PlyCount "85"]
[EventDate "2014.01.23"]
[EventType "swiss"]
[EventRounds "9"]
[EventCountry "SRB"]
[SourceTitle "CBM 158 Extra"]
[Source "ChessBase"]
[SourceDate "2014.02.28"]
[SourceVersion "1"]
[SourceVersionDate "2014.02.28"]
[SourceQuality "1"]

1. e4 e5 2. Nf3 Nc6 3. Bb5 a6 4. Ba4 Nf6 5. 0-0 Be7 6. Re1 b5 7. Bb3 0-0 8. c3 d5 9. exd5 Nxd5 10. Nxe5 Nxe5 11. Rxe5 c6 12. d4 Bd6 13. Re2 Bg4 14. f3 Bf5 15. Bxd5 cxd5 16. Nd2 Bd3 17. Rf2 Qc7 18. g3 Rae8 19. Nf1 Bxf1 20. Qxf1 f5 21. a4 bxa4 22. Rxa4 Rf6 23. Bd2 a5 24. Qb5 Kf8 25. Qxd5 Bxg3 26. Rg2 Bxh2+ 27. Kf1 Qb8 28. Qxa5 Bd6 29. Qa7 Rf7 30. Qxb8 Rxb8 31. b4 Rfb7 32. Ke2 Kf7 33. Kd3 h5 34. Ra6 Be7 35. Bf4 Rh8 36. Be5 Rh7 37. Rag6 Bf8 38. d5 h4 39. R6g5 g6 40. Rxg6 h3 41. Rf6+ Ke8 42. Rh2 Rbd7 43. Kd4 1-0

[Event "Belgrade City-chT"]
[Site "Belgrade"]
[Date "2013.10.27"]
[Round "2"]
[White "Jeremic, Milan"]
[Black "Starcevic, Goran"]
[Result "0-1"]
[WhiteElo "2147"]
[BlackElo "2181"]
[PlyCount "72"]
[EventDate "2013.10.26"]
[EventType "team-tourn"]
[EventRounds "11"]
[EventCountry "SRB"]
[SourceTitle "EXT 2015"]
[Source "ChessBase"]
[SourceDate "2014.11.20"]
[SourceVersion "1"]
[SourceVersionDate "2014.11.20"]
[SourceQuality "1"]

1. d4 Nf6 2. g3 e6 3. Bg2 d5 4. Nf3 Be7 5. 0-0 0-0 6. b3 c5 7. e3 Nc6 8. Bb2 cxd4 9. exd4 b5 10. Nbd2 Rb8 11. Ne5 Nxe5 12. dxe5 Nd7 13. f4 Qc7 14. Nf3 Nc5 15. Nd4 Ne4 16. Qd3 b4 17. f5 exf5 18. Nxf5 Bc5+ 19. Kh1 Bxf5 20. Rxf5 Nf2+ 21. Rxf2 Bxf2 22. Bxd5 Rbd8 23. Rd1 Bb6 24. a3 Qe7 25. axb4 Rxd5 26. Qxd5 Rd8 27. Kg2 Rxd5 28. Rxd5 Qxb4 29. Kf3 Qe1 30. Rd3 Qf2+ 31. Kg4 Qxc2 32. Rc3 Qe2+ 33. Kh3 h5 34. Rc8+ Kh7 35. Bc3 Qf1+ 36. Kh4 Qf5 0-1